Los diálogos del cuerpo: el enfoque holístico de la enfermedad
Saved in:
| Hovedforfatter: | |
|---|---|
| Format: | Bog |
| Sprog: | spansk |
| Udgivet: |
Santiago
Cuatro Vientos
2008
|
| Udgivelse: | 10a. ed |
| Fag: | |
| Tags: |
Tilføj Tag
Ingen Tags, Vær først til at tagge denne postø!
|
MARC
| LEADER | 00000nam a2200000 a 4500 | ||
|---|---|---|---|
| 001 | UCI9641 | ||
| 003 | CL-VaPUC | ||
| 008 | 081128e20080000CL |||||||||||||||||spa|d | ||
| 020 | |a 9789562420266 | ||
| 082 | 0 | 4 | |a 128.2 |b SCH |2 21 |
| 100 | 0 | |a Schnake Silva, Adriana |e author |9 533493 | |
| 245 | 1 | 4 | |a Los diálogos del cuerpo: el enfoque holístico de la enfermedad |
| 250 | |a 10a. ed | ||
| 300 | |a 207 p | ||
| 942 | |c BK | ||
| 945 | |d 20081128 00:00:00 |a jtorresc | ||
| 260 | |a Santiago |b Cuatro Vientos |c 2008 | ||
| 650 | 0 | |a Antropología filosófica |9 265842 | |
| 650 | 7 | |a CUERPO Y MENTE |2 CL-VaPUC |9 531022 | |
| 650 | 0 | |a Salud y enfermedad |9 472061 | |
| 583 | |a last modification |c 20121001 11:07:02 |k Rodrigo Vera | ||
| 999 | |c 332135 |d 332133 | ||
| 952 | |0 0 |1 0 |4 0 |6 128_200000000000000_SCH_2008 |7 0 |8 A |9 419549 |a BIBEDU |b BIBEDU |d 2019-11-22 |i 4500830 |o 128.2 SCH 2008 |p 4500830 |r 2019-11-22 |w 2019-11-22 |y BK |k PSI | ||
| 952 | |0 0 |1 0 |4 0 |6 128_200000000000000_SCH_2008 |7 0 |8 A |9 419550 |a BIBEDU |b BIBEDU |d 2019-11-22 |i 4500849 |o 128.2 SCH 2008 |p 4500849 |r 2019-11-22 |w 2019-11-22 |y BK |k PSI | ||